000 00541nam a22001817a 4500
999 _c16500
_d16500
003 AR-CdUCM
008 190503b ||||| |||| 00| 0 spa d
040 _aMUNICIPALIDAD PROVINCIAL DEL CUSCO
_cBIBLIOTECA MUNICIPAL DEL CUSCO
082 _a869.56 /
_bV297
100 _aVargas Llosa, Mario
_9483
245 _aLos Cachorros :
_bLos jefes /
260 _aLima :
_bPeisa,
_c1973.
300 _a191 páginas ;
_c17 cm.
505 _aLos cachorros -- los jefes...
650 _aLiteratura peruana.
_9169
942 _2ddc
_cLIBROS
945 _awfj